Oasis Songs - Sudden Death - Statistics

General Stats
  • This quiz has been taken 9,853 times
    9,845 since last reset
  • The average score is 13 of 20
Answers on the Grid
Answers color-coded by a green-red scale on the quiz's grid according to % correct below.
All The People
Acquiesce
Beetlebum
Big Brother
Bittersweet Symphony
Champagne Supernova
Don't Look Back
In Anger
Go Let It Out
Half The World Away
King Tut's
Wah Wah Hut
Little Jude
Live Forever
Mad Fer It
Morning Glory
Pretty Green
She's Electric
Sibling Rivalry
Slide Away
Some Might Say
Stand By Me
Stop Crying
Your Heart Out
Supersonic
Rock 'n' Roll Star
The Cold Against
My Shoulder
The Hindu Times
The Importance of Being Idle
The Masterplan
Cigarettes & Alcohol
Venezuela
What Might Have Been
Whatever
Wonderwall
 
Answer Stats
Answer % Correct
Wonderwall
89%
Don't Look Back
In Anger
86%
Champagne Supernova
83%
Morning Glory
77%
Supersonic
77%
Live Forever
74%
She's Electric
73%
Stop Crying
Your Heart Out
72%
Cigarettes & Alcohol
70%
Slide Away
67%
Some Might Say
67%
Rock 'n' Roll Star
65%
Stand By Me
65%
Half The World Away
63%
The Masterplan
57%
Acquiesce
56%
Whatever
56%
The Importance of Being Idle
48%
Go Let It Out
45%
The Hindu Times
44%
No matching quizzes found
Score Distribution
Percent of People with Each Score
Percentile by Number Answered
Your Score History
You have not taken this quiz since the last reset